000
00318nam a22001337a 4500
008
170303b xxu||||| |||| 00| 0 eng d
020
_a
9780131710108
041
_a
eng
080
_2
2ND
_a
616.073
100
_a
6
101
_a
SHM
245
_a
EXERCISES IN ORAL RADIOGRAPHY TECHNIQUES
_c
THOMSON, E.M
942
_2
udc
_c
BK
999
_c
6663
_d
6663